01153nab a22002777a 4500999001500000003000400015005001700019008004100036040000700077100003800084245011000122260004200232300001200274500003700286505012400323505008900447650002600536650003400562650003000596650001800626650003100644650003300675650003200708773012200740942001300862 c6380d6380OSt20260201153201.0190506c xxu||||| |||| 00| 0 spa d cPJ 97023aPérez Talamonti, Silvana 10aPerspectiva de género en el derecho del trabajo y de la seguridad social /cSilvana Pérez Talamonti.  aBuenos Aires :bAbeledoPerrot,c2023. ap. 3-13 aCita: TR LALEY AR/DOC/1570/2023  aSumario: I. Introducción.— II. Del dicho al hecho a hay mucho trecho.— III. Conclusiones.— IV. Bibliografía.  t¿Te interesa el texto completo? Comunicate al correo: koha@justierradelfuego.gov.ar 091316aDERECHO LABORAL 094044aPERSPECTIVA DE GÉNERO 091323aCONTRATO DE TRABAJO 091533aDESPIDO 091803aRELACIONES LABORALES 091577aDISCRIMINACION LABORAL 093053aVIOLENCIA DE GÉNERO0 0275193202dBuenos Aires : AbeledoPerrot, 2013-tRevista de derecho laboral y seguridad social. Nº 16 - Agosto 2023 2udccANA